[Event "Amber Blindfold"]
[Site "Monaco MNC"]
[Date "2000.03.27"]
[Round "10"]
[White "Shirov,A"]
[Black "Kramnik,V"]
[Result "1/2-1/2"]
[WhiteElo "2751"]
[BlackElo "2758"]

1.e4 e5 2.Nf3 Nf6 3.Nxe5 d6 4.Nf3 Nxe4 5.d4 d5 6.Bd3 Nc6 7.O-O Be7 8.c4 Nb4
9.Be2 O-O 10.Nc3 Be6 11.Be3 Bf5 12.Rc1 dxc4 13.Bxc4 c6 14.Ne5 Nxc3 15.bxc3 Nd5
16.Qf3 Be6 17.Bd2 f6 18.Nd3 Qd7 19.Bb3 Bg4 20.Qg3 Kh8 21.c4 Bd6 22.Nc5 Bxc5
23.dxc5 Ne7 24.Bf4 Rfe8 25.Bd6 Be2 26.Rfe1 Nf5 27.Qh3 g6 28.Qc3 Re6 29.f3 Rae8
30.Bg3 Nxg3 31.hxg3 Qe7 32.Qd4 Kg7 33.g4 Bxc4 34.Rxe6 Bxe6 35.Re1 Qd7 36.Qxd7+ Bxd7
37.Rd1 Re7 38.Kf2 b6 39.cxb6 axb6 40.a4 Kf8 41.Bc4 Be8 42.Rd6 Ra7 43.Rxf6+ Kg7
44.Re6 Rxa4 45.Bb5 Ra2+ 46.Kg3 Ra8 47.Bxc6 Bxc6 48.Rxc6 Rb8 49.Rc7+ Kg8  1/2-1/2

[Event "Amber Blindfold"]
[Site "Monaco MNC"]
[Date "2000.03.28"]
[Round "11"]
[White "Kramnik,V"]
[Black "Karpov,An"]
[Result "1/2-1/2"]
[WhiteElo "2758"]
[BlackElo "2696"]

1.Nf3 Nf6 2.c4 e6 3.Nc3 d5 4.d4 Be7 5.Bg5 h6 6.Bh4 O-O 7.e3 Ne4 8.Bxe7 Qxe7
9.Rc1 c6 10.Bd3 Nxc3 11.Rxc3 dxc4 12.Bxc4 Nd7 13.O-O b6 14.Bd3 c5 15.Be4 Rb8
16.Qc2 Bb7 17.Bxb7 Rxb7 18.h3 Re8 19.Rd1 a5 20.Rd2 cxd4 21.Nxd4 Nc5 22.Nc6 Qf8
23.Ne5 Rc8 24.Rd4 Qe7 25.a3 Rbc7 26.b4 axb4 27.axb4 Nb7 28.Rxc7 Rxc7 29.Qd3 f6
30.Ng6 Qe8 31.f4 Rc8 32.Qe4 Rd8 33.Qxb7 Rxd4 34.Ne7+ Kf7 35.exd4 Qxe7 36.Qxb6 Kg6
37.Qc5 Qb7 38.Qc2+ Kf7 39.Qb1 Qb6 40.Qb2 e5 41.fxe5 fxe5 42.Qf2+ Ke7 43.dxe5 Qxb4
44.Qa7+ Kf8 45.Qa8+ Ke7 46.Qd5 h5 47.Kh1 h4 48.Qd1 Ke6 49.Qe2 g5 50.Qe3 Qb1+
51.Kh2 Qf5  1/2-1/2

[Event "Amber Rapidplay"]
[Site "Monaco MNC"]
[Date "2000.03.28"]
[Round "11"]
[White "Karpov,An"]
[Black "Kramnik,V"]
[Result "1/2-1/2"]
[WhiteElo "2696"]
[BlackElo "2758"]

1.d4 Nf6 2.c4 e6 3.Nf3 d5 4.e3 Be7 5.b3 O-O 6.Bb2 b6 7.Nbd2 Bb7 8.Bd3 c5
9.O-O cxd4 10.Nxd4 Nc6 11.Nxc6 Bxc6 12.Qe2 Nd7 13.cxd5 Bxd5 14.Rfd1 Bf6 15.Ne4 Bxb2
16.Qxb2 Qe7 17.Nc3 Bb7 18.Be4 Nf6 19.Bxb7 Qxb7 20.Rd4 Rfd8  1/2-1/2

[Event "Corus"]
[Site "Wijk aan Zee NED"]
[Date "2001.01.13"]
[Round "1"]
[White "Timman,J"]
[Black "Kramnik,V"]
[Result "1/2-1/2"]
[WhiteElo "2629"]
[BlackElo "2772"]

1.e4 c5 2.Nf3 d6 3.Nc3 e5 4.Bc4 Nf6 5.d3 Be7 6.Bg5 O-O 7.Bxf6 Bxf6 8.Nd5 Nc6
9.a3 Rb8 10.c3 b5 11.Ba2 Be6 12.Qd2 a5 13.a4 b4 14.Bc4 Bxd5 15.Bxd5  1/2-1/2

[Event "Mainz CC Champions Duel Playoff"]
[Site "Mainz GER"]
[Date "2001.06.26"]
[Round "2"]
[White "Kramnik,V"]
[Black "Anand,V"]
[Result "1/2-1/2"]
[WhiteElo "2797"]
[BlackElo "2794"]

1.d4 d5 2.c4 dxc4 3.Nf3 e6 4.e3 Nf6 5.Bxc4 c5 6.O-O a6 7.Bb3 Nbd7 8.Qe2 b5
9.e4 Bb7 10.d5 c4 11.dxe6 fxe6 12.Bc2 Bd6 13.b3 Ne5 14.Nbd2 c3 15.Nb1 Nxf3+
16.Qxf3 b4 17.a3 a5 18.Qh3 e5 19.axb4 axb4 20.Rxa8 Bxa8 21.Qe6+ Qe7 22.Qc8+ Qd8
23.Qa6 O-O 24.Rd1 Ng4 25.Qxd6 Qh4 26.Qc5 Qxh2+ 27.Kf1 Rxf2+ 28.Qxf2 Nxf2
29.Kxf2 Qh4+ 30.Kf3 Qh5+ 31.Ke3 Qg5+ 32.Kf2 Qh4+ 33.Kf3 h5 34.Rf1 Qg4+ 35.Ke3 Qxg2
36.Bd3 Qg3+ 37.Ke2 Qg4+ 38.Ke3 Qg3+  1/2-1/2

[Event "Amber Rapidplay"]
[Site "Monaco MNC"]
[Date "2002.03.22"]
[Round "6"]
[White "Piket,Je"]
[Black "Kramnik,V"]
[Result "1-0"]
[WhiteElo "2659"]
[BlackElo "2809"]

1.d4 Nf6 2.c4 e6 3.Nf3 b6 4.g3 Ba6 5.Nbd2 d5 6.Bg2 Be7 7.O-O O-O 8.b3 c5
9.dxc5 Bxc5 10.Bb2 Nc6 11.a3 Be7 12.Rc1 Rc8 13.b4 dxc4 14.Qa4 Nb8 15.b5 Qd7
16.Nd4 Rc5 17.Nxc4 e5 18.Nb3 Rxb5 19.Rfd1 Qe6 20.e3 Nfd7 21.Ncd2 Nc5 22.Nxc5 Rxc5
23.Rxc5 bxc5 24.Bc3 Bd3 25.Qxa7 c4 26.a4 Nc6 27.Bxc6 Qxc6 28.Qxe7 Re8 29.Qb4 h5
30.h4 Qe6 31.Qb5 f6 32.a5 Kh7 33.a6 Ra8 34.Ra1 Ra7 35.e4 Be2 36.Qb7  1-0

[Event "Amber Rapidplay"]
[Site "Monaco MNC"]
[Date "2002.03.26"]
[Round "9"]
[White "Kramnik,V"]
[Black "Ivanchuk,V"]
[Result "1/2-1/2"]
[WhiteElo "2809"]
[BlackElo "2717"]

1.d4 e6 2.c4 b6 3.e4 Bb7 4.Bd3 Nc6 5.Ne2 Nb4 6.O-O Nxd3 7.Qxd3 d6 8.Nbc3 Nf6
9.d5 Be7 10.Nd4 Qd7 11.a4 c5 12.dxc6 Bxc6 13.b3 O-O 14.Ba3 Bb7 15.Ndb5 Rfd8
16.Rad1 Qc6 17.Qg3 Nxe4 18.Nxe4 Qxe4 19.Nxd6 Bxd6 20.Bxd6 Qg6 21.Bc7 Rxd1
22.Rxd1 Rc8 23.a5 b5 24.Qxg6 hxg6 25.Rd8+  1/2-1/2

[Event "Amber Rapidplay"]
[Site "Monaco MNC"]
[Date "2002.03.27"]
[Round "10"]
[White "Ljubojevic,L"]
[Black "Kramnik,V"]
[Result "1/2-1/2"]
[WhiteElo "2548"]
[BlackElo "2809"]

1.c4 Nf6 2.Nc3 e5 3.Nf3 Nc6 4.e4 Bc5 5.Nxe5 Nxe5 6.d4 Bb4 7.dxe5 Nxe4 8.Qd4 Nxc3
9.bxc3 Be7 10.Qg4 Kf8 11.Qf3 d6 12.Bf4 h5 13.Bd3 g5 14.exd6 Bf6 15.Bd2 Qxd6
16.O-O Bg4 17.c5 Bxf3 18.cxd6 Bc6 19.dxc7 Rc8 20.Be3 b6 21.a4 Rxc7 22.a5 Bd5
23.axb6 axb6 24.Ra6 Rxc3 25.Rxb6 Rxd3 26.Rxf6 g4 27.Rh6  1/2-1/2

[Event "Simul"]
[Site "Barcelona ESP"]
[Date "2002.06.19"]
[Round "7"]
[White "Kramnik,V"]
[Black "Ruiz Diez,J"]
[Result "1/2-1/2"]
[WhiteElo "2809"]
[BlackElo "2234"]

1.Nf3 d5 2.d4 Nf6 3.c4 e6 4.Nc3 Be7 5.Bg5 O-O 6.e3 Nbd7 7.Qc2 c5 8.Rd1 cxd4
9.Nxd4 h6 10.Bh4 a6 11.Be2 dxc4 12.Bxc4 Qe8 13.Be2 Ne5 14.Bg3 Nc6 15.Nxc6 Qxc6
16.Bf3 Qb6 17.Qb3 Qxb3 18.axb3 a5 19.O-O Ra6 20.Bc7 Ne8 21.Bd8 Bxd8 22.Rxd8 Nd6
23.Rxf8+ Kxf8 24.Ra1 Bd7 25.Kf1 Ke7 26.Ke1 b6 27.Na4 Bxa4 28.bxa4 Ra7 29.Rc1 b5
30.axb5 Nxb5 31.Ra1 Kd6 32.Ra4 Kc5 33.h4 Kb6 34.h5 Rc7 35.Kd2 Nd6 36.Be2 e5
37.Bd3 f6 38.f3 Rd7 39.Ke2 Rc7 40.Ra3 Rc1 41.Ra4 Rc7  1/2-1/2

[Event "Amber Rapid"]
[Site "Monte Carlo MNC"]
[Date "2003.03.18"]
[Round "4"]
[White "Kramnik,V"]
[Black "Leko,P"]
[Result "1/2-1/2"]
[WhiteElo "2807"]
[BlackElo "2736"]

1.d4 Nf6 2.c4 e6 3.Nf3 b6 4.g3 Ba6 5.b3 Bb4+ 6.Bd2 Be7 7.Bg2 c6 8.O-O d5
9.Qc2 Nbd7 10.Rd1 Rc8 11.a4 O-O 12.a5 b5 13.c5 Ne4 14.Be1 f5 15.Nc3 Qc7 16.Na2 Rce8
17.Nb4 Bc8 18.a6 Bf6 19.Nd3 Qb8 20.Nb4 Qc7 21.Nd3 Qb8 22.Qa2 e5 23.e3 Re6
24.Rac1 Rfe8 25.Nb4 exd4 26.exd4 Nf8 27.Bh3 g6 28.Nd3 Qc7 29.Nfe5 Qg7 30.f3 Ng5
31.Bg2 Bd7 32.Bc3 R6e7 33.Re1 Nge6 34.f4 g5 35.Kh1 gxf4 36.gxf4  1/2-1/2

[Event "Amber Rapid"]
[Site "Monte Carlo MNC"]
[Date "2003.03.22"]
[Round "7"]
[White "Kramnik,V"]
[Black "Ivanchuk,V"]
[Result "1/2-1/2"]
[WhiteElo "2807"]
[BlackElo "2699"]

1.e4 e5 2.Nf3 Nc6 3.Bb5 a6 4.Ba4 Nf6 5.O-O Be7 6.Re1 b5 7.Bb3 O-O 8.c3 d6
9.h3 Na5 10.Bc2 c5 11.d4 Nd7 12.dxc5 dxc5 13.Nbd2 Bb7 14.Qe2 Re8 15.b3 Bf8
16.Rd1 Qc8 17.Nf1 c4 18.Ne3 Nf6 19.b4 Nc6 20.Nd5 Nxd5 21.exd5 Nd4 22.cxd4 exd4
23.Qd2 d3 24.Bxd3 cxd3 25.Qxd3 Rd8 26.Ng5 g6 27.Bb2 Rxd5 28.Qe3 Qd8 29.Rxd5 Qxd5
30.f3 Qd6 31.Rc1 Be7 32.Qc3 f6 33.a3 h6 34.Ne4 Bxe4 35.fxe4  1/2-1/2

[Event "Amber Rapid"]
[Site "Monte Carlo MNC"]
[Date "2003.03.26"]
[Round "10"]
[White "Van Wely,L"]
[Black "Kramnik,V"]
[Result "1/2-1/2"]
[WhiteElo "2668"]
[BlackElo "2807"]

1.d4 Nf6 2.c4 e6 3.Nc3 Bb4 4.Qc2 O-O 5.a3 Bxc3+ 6.Qxc3 b6 7.Bg5 Bb7 8.f3 h6
9.Bh4 d5 10.e3 Re8 11.Bd3 Nbd7 12.Ne2 c5 13.cxd5 cxd4 14.Nxd4 Nxd5 15.Bxd8 Nxc3
16.Bh4 Ne5 17.Bf1 Nd5 18.Bg3 Ng6 19.Kf2 Red8 20.Bc4 Rac8 21.Rac1 Nde7 22.Be2 e5
23.Nb3 Bd5 24.Nd2 Be6 25.Rxc8 Rxc8 26.Bd3 Nf5 27.Ke2 Nxg3+ 28.hxg3 Ne7 29.g4 f6
30.Ne4 Kf8 31.Rd1 Bb3 32.Rd2 Rc1 33.Nd6 Nc8 34.Nf5 Ne7 35.Nd6 g6 36.Ba6 f5
37.gxf5 gxf5 38.Bd3 Be6 39.Nb5 a5 40.Nd6 Kg7 41.Rc2 Rg1 42.Kf2 Rd1 43.Ke2 Rg1
44.Kf2 Rd1 45.Ke2  1/2-1/2

[Event "Amber Blindfold"]
[Site "Monte Carlo MNC"]
[Date "2003.03.27"]
[Round "11"]
[White "Ljubojevic,L"]
[Black "Kramnik,V"]
[Result "1/2-1/2"]
[WhiteElo "2570"]
[BlackElo "2807"]

1.d4 Nf6 2.c4 e6 3.Nc3 Bb4 4.Qc2 O-O 5.a3 Bxc3+ 6.Qxc3 b6 7.Bg5 Bb7 8.f3 h6
9.Bh4 d5 10.e3 Re8 11.Bd3 Nbd7 12.Ne2 c5 13.cxd5 cxd4 14.Nxd4 Nxd5 15.Bxd8 Nxc3
16.Bh4 Ne5 17.Bf1 Nd5 18.Bg3 Ng6 19.Kf2 Red8 20.Rd1  1/2-1/2

[Event "National I"]
[Site "Bordeaux FRA"]
[Date "2003.04.06"]
[Round "6"]
[White "Sokolov,I"]
[Black "Kramnik,V"]
[Result "1/2-1/2"]
[WhiteElo "2677"]
[BlackElo "2789"]

1.d4 Nf6 2.c4 e6 3.Nf3 b6 4.a3 Bb7 5.Nc3 d5 6.Bg5 Be7 7.e3 O-O 8.Rc1 c5 9.cxd5 cxd4
10.Bxf6 Bxf6 11.Nxd4 exd5 12.Be2 Nc6 13.Ncb5 Ne5 14.O-O a6 15.Nc3 b5 16.Qb3 Nc4
17.Rfd1 Qe7 18.Kh1 Rad8 19.Bf3 Be5 20.Nce2 Bb8 21.g3 g6 22.Bg2 h5 23.h4 Be5
24.Nf4 Rd6 25.Rc2 Rfd8 26.a4 bxa4 27.Qxa4 Bf6 28.b3 Ne5 29.Kg1 Ng4 30.Rd3 Be5
31.Qa5 R6d7 32.Bh3 Rc7 33.Rxc7 Bxc7 34.Qa1 Nf6 35.Bg2 Ne4 36.Qd1 Nc5 37.Rc3 Bb6
38.Qc2 Qd6 39.Qd1  1/2-1/2

[Event "GER vs Kramnik sim"]
[Site "Brissago SUI"]
[Date "2004.01.29"]
[Round "2"]
[White "Kramnik,V"]
[Black "Dautov,R"]
[Result "1/2-1/2"]
[WhiteElo "2777"]
[BlackElo "2616"]

1.e4 e5 2.Nf3 Nf6 3.Nxe5 d6 4.Nf3 Nxe4 5.d4 d5 6.Bd3 Nc6 7.O-O Be7 8.c4 Nf6
9.Nc3 O-O 10.h3 Nb4 11.Be2 dxc4 12.Bxc4 c6 13.Re1 Nbd5 14.Bg5 Be6 15.Qb3 Rb8
16.Bh4 h6 17.Bg3 Bd6 18.Be5 Nc7 19.Bxe6 Nxe6 20.Rad1 Nf4 21.Bxf4 Bxf4 22.Ne5 Qc7
23.Qc2 Rbd8 24.Qf5 Bxe5 25.dxe5 Nd5 26.Nxd5 Rxd5 27.Rxd5 cxd5 28.e6 Rd8 29.e7 Re8
30.Qxd5  1/2-1/2

[Event "GER vs Kramnik sim"]
[Site "Brissago SUI"]
[Date "2004.01.29"]
[Round "4"]
[White "Kramnik,V"]
[Black "Bischoff,K"]
[Result "1/2-1/2"]
[WhiteElo "2777"]
[BlackElo "2561"]

1.d4 e6 2.e4 d5 3.Nc3 Nf6 4.e5 Nfd7 5.f4 c5 6.Nf3 Nc6 7.Be3 a6 8.Qd2 b5 9.a3 cxd4
10.Nxd4 Nxd4 11.Bxd4 Nb8 12.Bd3 Nc6 13.Bf2 Bd7 14.O-O Be7 15.Ne2 b4 16.a4 Na5
17.f5 exf5 18.Nd4 g6 19.e6 fxe6 20.Qe2 Nc6 21.Nxe6 Bxe6 22.Qxe6 Qd6 23.Qe2 O-O
24.Bxa6 Bf6 25.Rad1 Ne5 26.Bb5  1/2-1/2

[Event "Amber Blindfold"]
[Site "Monte Carlo MNC"]
[Date "2004.03.21"]
[Round "2"]
[White "Ivanchuk,V"]
[Black "Kramnik,V"]
[Result "1/2-1/2"]
[WhiteElo "2716"]
[BlackElo "2777"]

1.e4 c5 2.Nf3 d6 3.d4 cxd4 4.Nxd4 Nf6 5.Nc3 a6 6.Be2 e5 7.Nb3 Be7 8.O-O O-O
9.Be3 Be6 10.Qd2 Nbd7 11.a4 Rc8 12.a5 Qc7 13.Rfc1 Nc5 14.Nxc5 dxc5 15.f3 c4
16.Na4 Nd7 17.Bf1 Rfd8 18.Qe1 Qc6 19.Kh1 h6 20.Rd1 Kf8 21.Bd2 Qb5 22.b4 Qc6
23.c3 Bg5 24.Bxg5 hxg5 25.h3 f6 26.Qe3 Ke7 27.Kh2 Bf7 28.Be2 Be6 29.Rd2 Bf7
30.Bd1 Rb8 31.Bc2 Nf8 32.Rad1 Rxd2 33.Rxd2 Rd8 34.Nb6 Rxd2 35.Qxd2 Be6 36.Bd1 Ng6
37.g3 Nf8 38.Kg2 Qc7 39.Be2 Nd7 40.Nd5+ Bxd5 41.Qxd5 b5 42.Qg8 Qa7 43.Qxg7+ Kd8
44.Qg8+ Kc7 45.Kf1 Qe3 46.Qe6 Qxc3 47.Qxa6 Qxb4 48.Qa7+ Kd6 49.a6 c3 50.Qe3 Qd4
51.Qxd4+ exd4 52.Ke1 Kc7 53.Bxb5 Ne5 54.f4 gxf4 55.gxf4 Ng6 56.e5 fxe5 57.f5 Nf8
58.h4 e4 59.a7 Kb7 60.Bc6+ Kxa7 61.Bxe4 Nd7 62.Ke2 Nf6 63.Bf3 Kb6 64.h5 Kc5
65.Kd3 Kd6 66.h6 Ke5 67.Bd1 Kxf5 68.Kxd4 Kg5 69.Kxc3 Kxh6  1/2-1/2

[Event "Amber Blindfold"]
[Site "Monte Carlo MNC"]
[Date "2004.03.25"]
[Round "5"]
[White "Kramnik,V"]
[Black "Shirov,A"]
[Result "1/2-1/2"]
[WhiteElo "2777"]
[BlackElo "2736"]

1.e4 e5 2.Nf3 Nc6 3.Bb5 a6 4.Ba4 Nf6 5.O-O Be7 6.Re1 b5 7.Bb3 O-O 8.h3 Bb7
9.d3 d6 10.a3 Nb8 11.Nbd2 Nbd7 12.Nf1 Re8 13.Ng3 c6 14.Nf5 Bf8 15.Nh2 d5
16.Bg5 h6 17.Bh4 g6 18.Ne3 dxe4 19.dxe4 Bg7 20.Nhg4 h5 21.Nxf6+ Bxf6 22.Qf3 Qe7
23.Bxf6 Nxf6 24.Rad1 Rad8 25.Rxd8 Rxd8 26.Qg3 Kh7 27.Qh4 c5 28.c3 c4 29.Bc2 Nd5
30.Qxe7  1/2-1/2

[Event "Amber Rapid"]
[Site "Monte Carlo MNC"]
[Date "2004.03.31"]
[Round "10"]
[White "Svidler,P"]
[Black "Kramnik,V"]
[Result "1-0"]
[WhiteElo "2747"]
[BlackElo "2777"]

1.e4 e5 2.Nf3 Nc6 3.Bb5 Nf6 4.d3 Bc5 5.O-O d6 6.Nc3 O-O 7.Na4 Nd4 8.Nxc5 Nxb5
9.a4 Nd4 10.Nxd4 dxc5 11.Nb5 Ne8 12.f4 c6 13.Nc3 exf4 14.Bxf4 Nc7 15.Be3 Ne6
16.Ne2 Nd4 17.Bxd4 cxd4 18.Qe1 Qd6 19.Qh4 Qe5 20.Rf3 Bd7 21.Raf1 c5 22.b3 Rae8
23.Nf4 f6 24.Nh5 Rf7 25.Ng3 Qd6 26.Nf5 Bxf5 27.Rxf5 Rfe7 28.Rh5 h6 29.Qg4 Kh8
30.Qg6 b6 31.Rxf6 Qxf6 32.Rxh6+ gxh6 33.Qxf6+ Kh7 34.a5 Rb7 35.axb6 axb6
36.h3 Ree7 37.e5 Rf7 38.Qd6 Rfd7 39.Qc6 Re7 40.Qe4+ Kg7 41.Qg4+ Kf7 42.Qf5+ Kg7
43.Kh2 Rf7 44.Qg4+ Kh7 45.e6 Rg7 46.Qf5+ Kg8 47.g4 Rbe7 48.Qf6 Kh7 49.Kg3 Re8
50.Kf4 Reg8 51.Ke5 Rg5+ 52.Kd6 R5g6 53.Qf5 Rg7 54.Kd5 Re7 55.h4 Kg7 56.Kd6 Ra7
57.g5 h5 58.Qf3 b5 59.Qc6 c4 60.Qb6 Rf7 61.Qxd4+ Kh7  1-0

[Event "WCh"]
[Site "Brissago SUI"]
[Date "2004.09.25"]
[Round "1"]
[White "Leko,P"]
[Black "Kramnik,V"]
[Result "0-1"]
[WhiteElo "2741"]
[BlackElo "2770"]

1.e4 e5 2.Nf3 Nf6 3.Nxe5 d6 4.Nf3 Nxe4 5.d4 d5 6.Bd3 Nc6 7.O-O Be7 8.c4 Nb4
9.Be2 O-O 10.Nc3 Bf5 11.a3 Nxc3 12.bxc3 Nc6 13.Re1 Re8 14.cxd5 Qxd5 15.Bf4 Rac8
16.h3 Be4 17.Be3 Na5 18.c4 Nxc4 19.Bxc4 Qxc4 20.Nd2 Qd5 21.Nxe4 Qxe4 22.Bg5 Qxe1+
23.Qxe1 Bxg5 24.Qa5 Bf6 25.Qxa7 c5 26.Qxb7 Bxd4 27.Ra2 c4 28.Re2 Red8 29.a4 c3
30.Qe4 Bb6 31.Qc2 g6 32.Qb3 Rd6 33.Rc2 Ba5 34.g4 Rd2 35.Kg2 Rcd8 36.Rxc3 Bxc3
37.Qxc3 R2d5 38.Qc6 Ra5 39.Kg3 Rda8 40.h4 R5a6 41.Qc1 Ra5 42.Qh6 Rxa4 43.h5 R4a5
44.Qf4 g5 45.Qf6 h6 46.f3 R5a6 47.Qc3 Ra4 48.Qc6 R8a6 49.Qe8+ Kg7 50.Qb5 R4a5
51.Qb4 Rd5 52.Qb3 Rad6 53.Qc4 Rd3 54.Kf2 Ra3 55.Qc5 Ra2+ 56.Kg3 Rf6 57.Qb4 Raa6
58.Kg2 Rf4 59.Qb2+ Raf6 60.Qe5 Rxf3 61.Qa1 Rf1 62.Qc3 Rf2+ 63.Kg3 Rf3+ 64.Qxf3 Rxf3+
65.Kxf3 Kf6  0-1

[Event "ch-FRA Top 16 Poule Haute"]
[Site "Port Barcares FRA"]
[Date "2005.05.07"]
[Round "11"]
[White "Shirov,A"]
[Black "Kramnik,V"]
[Result "1/2-1/2"]
[WhiteElo "2714"]
[BlackElo "2753"]

1.e4 e5 2.Nf3 Nf6 3.Nxe5 d6 4.Nf3 Nxe4 5.d4 d5 6.Bd3 Nc6 7.O-O Be7 8.Re1 Bg4
9.c3 f5 10.Qb3 O-O 11.Nbd2 Na5 12.Qc2 Nc6 13.b4 a6 14.a4 Bd6 15.Rb1 Nxd2
16.Nxd2 Qh4 17.Nf1 Ne7 18.Bd2 f4 19.f3 Bd7  1/2-1/2

[Event "TCh-NED 2006-7"]
[Site "Netherlands NED"]
[Date "2007.03.03"]
[Round "6"]
[White "Smeets,J"]
[Black "Kramnik,V"]
[Result "1/2-1/2"]
[WhiteElo "2538"]
[BlackElo "2766"]

1.e4 e5 2.Nf3 Nc6 3.d4 exd4 4.Nxd4 Bc5 5.Be3 Qf6 6.c3 Nge7 7.g3 d5 8.Bg2 dxe4
9.Nd2 Bb6 10.Nxe4 Qg6 11.O-O O-O 12.Nc5 Nxd4 13.Bxd4 Nc6 14.Re1 Nxd4 15.Qxd4 c6
16.a4 a5 17.Qe5 h6 18.Rad1 Bg4 19.Rd2 Bxc5 20.Qxc5 Rfe8 21.Rxe8+ Rxe8 22.h3 Qf5
23.Qxf5 Bxf5 24.b4 axb4  1/2-1/2

[Event "Amber Blindfold"]
[Site "Monte Carlo MNC"]
[Date "2007.03.22"]
[Round "5"]
[White "Ivanchuk,V"]
[Black "Kramnik,V"]
[Result "1/2-1/2"]
[WhiteElo "2750"]
[BlackElo "2766"]

1.e4 e5 2.Nf3 Nc6 3.Bb5 a6 4.Ba4 Nf6 5.O-O Be7 6.Re1 b5 7.Bb3 O-O 8.a4 b4
9.d3 d6 10.a5 Be6 11.Nbd2 Qc8 12.Bxe6 fxe6 13.Nc4 Rb8 14.Bg5 Rb5 15.Nfd2 Qe8
16.Nb3 Nd7 17.Bxe7 Qxe7 18.f3 Nc5 19.Nxc5 Rxc5 20.Kh1 Qf6 21.Qd2 Qf4 22.Qf2  1/2-1/2

[Event "Rapid Match"]
[Site "Yerevan ARM"]
[Date "2007.05.06"]
[Round "5"]
[White "Kramnik,V"]
[Black "Aronian,L"]
[Result "1/2-1/2"]
[WhiteElo "2772"]
[BlackElo "2759"]

1.d4 Nf6 2.c4 e6 3.g3 c5 4.d5 exd5 5.cxd5 b5 6.Nd2 Nxd5 7.Bg2 Nc7 8.Bxa8 Nxa8
9.b4 c4 10.a4 Bxb4 11.Qc2 Bb7 12.Nf3 a6 13.axb5 axb5 14.Qb2 Qf6 15.Qxb4 Qxa1
16.O-O Qa6 17.Bb2 f6 18.Ba3 d6 19.Nd4 Nc7 20.Rb1 O-O 21.Nxc4 bxc4 22.Qxb7 Qxa3
23.Qxc7 Qc5 24.Rb7 Qxc7 25.Rxc7 d5 26.Nf5 Na6 27.Rxg7+ Kh8 28.Ra7 Nb4 29.Rc7 h5
30.Kg2 Re8 31.e3 Nd3 32.f4 Ra8 33.Kh3 Ra5 34.Kh4 Rc5 35.Rd7 Kg8 36.Kxh5 Kf8
37.Nd6 c3 38.Kg6 Rc6 39.Kxf6 Kg8 40.Kg6 Kf8 41.Kf6 Kg8 42.g4 Nc5 43.Rd8+ Kh7
44.Kf7 Rc7+ 45.Kf6 Rc6 46.Kf7 Rc7+ 47.Kf6 Rc6  1/2-1/2

[Event "Sparkassen GM"]
[Site "Dortmund GER"]
[Date "2007.06.23"]
[Round "1"]
[White "Kramnik,V"]
[Black "Anand,V"]
[Result "1/2-1/2"]
[WhiteElo "2772"]
[BlackElo "2786"]

1.d4 d5 2.c4 c6 3.Nf3 Nf6 4.e3 Bf5 5.Nc3 e6 6.Nh4 Bg6 7.Be2 Nbd7 8.O-O Bd6
9.g3 O-O 10.Nxg6 hxg6 11.Qc2 Qe7 12.Bd2 dxc4 13.Bxc4 c5 14.dxc5 Nxc5 15.Rfd1 Rac8
16.Be1 a6 17.Rac1 Rc7 18.Qb1 Rfc8 19.Bf1 Ncd7 20.Bg2 Ne5 21.Ne4 Rxc1 22.Rxc1 Rxc1
23.Qxc1 Nxe4 24.Bxe4 Bb4 25.Qc8+ Kh7 26.Bc3 Bxc3 27.Qxc3 Ng4 28.Bf3 Nf6 29.Qc8 Nd5
30.a3 a5 31.h4 b6 32.Qc6 Qd8 33.Bxd5 exd5 34.Qc3 Qd7 35.Kg2  1/2-1/2

[Event "Sparkassen GM"]
[Site "Dortmund GER"]
[Date "2007.06.30"]
[Round "6"]
[White "Kramnik,V"]
[Black "Naiditsch,A"]
[Result "1-0"]
[WhiteElo "2772"]
[BlackElo "2654"]

1.d4 Nf6 2.c4 e6 3.g3 d5 4.Bg2 dxc4 5.Nf3 Nc6 6.Qa4 Nd7 7.Qxc4 Nb6 8.Qb5 a6
9.Qd3 e5 10.Nxe5 Nb4 11.Qd1 Qxd4 12.Qxd4 Nc2+ 13.Kd1 Nxd4 14.Be3 Nf5 15.Bxb6 cxb6
16.Nc3 Bc5 17.e3 O-O 18.Ke2 Re8 19.Nd3 Rb8 20.Rhc1 Be6 21.Bd5 Bd7 22.Ne4 Bf8
23.Rc7 Rbd8 24.Nc3 Nd4+ 25.Kd2 Be6 26.exd4 Bxd5 27.Nxd5 Rxd5 28.Rxb7 b5 29.a4 Rxd4
30.axb5 Red8 31.bxa6 Rxd3+ 32.Ke1 Re8+ 33.Kf1 Rdd8 34.a7 Ra8 35.b4 Re7 36.Rxe7 Bxe7
37.b5 Bc5 38.Rc1 Bd4 39.Rc4 Bxa7 40.Ra4 Rb8 41.Rxa7 Kf8 42.Ra5 Ke7 43.Ke2 Rb6
44.Kd3 Rd6+ 45.Kc4 Rd2 46.b6 Kd6 47.Rb5 Rc2+ 48.Kd4  1-0

[Event "Sparkassen GM"]
[Site "Dortmund GER"]
[Date "2007.07.01"]
[Round "7"]
[White "Alekseev,Evgeny"]
[Black "Kramnik,V"]
[Result "1/2-1/2"]
[WhiteElo "2679"]
[BlackElo "2772"]

1.e4 e5 2.Nf3 Nf6 3.Nxe5 d6 4.Nf3 Nxe4 5.d4 d5 6.Bd3 Nc6 7.O-O Be7 8.c4 Nb4
9.Be2 O-O 10.Nc3 Bf5 11.a3 Nxc3 12.bxc3 Nc6 13.Re1 Re8 14.Ra2 Bf6 15.Rb2 b6
16.Bf4 Na5 17.cxd5 Qxd5 18.Ne5 Bxe5 19.Bf3 Qd7 20.Bxe5 Nc4 21.Rbe2 c6 22.d5 Nxe5
23.Rxe5 cxd5 24.Qxd5 Rad8 25.Rxe8+ Rxe8 26.Rxe8+ Qxe8 27.g4 Be6 28.Qb7 Qc8
29.Qxa7 Bxg4 30.Bd5 Bh5 31.Qxb6  1/2-1/2

[Event "Tal Mem"]
[Site "Moscow RUS"]
[Date "2007.11.13"]
[Round "4"]
[White "Kamsky,G"]
[Black "Kramnik,V"]
[Result "1/2-1/2"]
[WhiteElo "2714"]
[BlackElo "2785"]

1.d4 Nf6 2.c4 e6 3.Nc3 Bb4 4.e3 O-O 5.Bd3 c5 6.Ne2 d5 7.O-O cxd4 8.exd4 dxc4
9.Bxc4 Nc6 10.Bg5 Be7 11.a3 a6 12.Rc1 b5 13.Bxf6 Bxf6 14.d5 Ne7 15.Ba2 exd5
16.Nf4 Bb7 17.Re1 g6 18.b4 Bg5 19.Qg4 Nf5 20.Rcd1 d4  1/2-1/2

[Event "Cez Trophy Rapid"]
[Site "Prague CZE"]
[Date "2008.05.15"]
[Round "4"]
[White "Navara,D"]
[Black "Kramnik,V"]
[Result "1/2-1/2"]
[WhiteElo "2672"]
[BlackElo "2788"]

1.d4 Nf6 2.c4 e6 3.Nc3 Bb4 4.e3 O-O 5.Ne2 d5 6.a3 Be7 7.cxd5 exd5 8.b4 c6
9.Ng3 Re8 10.Bd3 Nbd7 11.O-O Nb6 12.Rb1 a6 13.a4 Be6 14.a5 Nc8 15.Na4 Nd6
16.Nc5 Bc8 17.Bb2 Bf8 18.Re1 g6 19.f3 Nb5 20.Bxb5 axb5 21.e4 Bg7 22.e5 Nd7
23.Nd3 Nf8 24.Bc1 h5 25.Be3 h4 26.Nh1 Bf5 27.Rc1 f6 28.f4 Bxd3 29.Qxd3 f5
30.g4 hxg3 31.hxg3 Ne6 32.Re2 Rf8 33.Rf1 Qe7 34.Bd2 Kf7 35.g4 Ke8 36.Rh2 Kd7
37.Ng3 Qf7 38.Kg2 fxg4 39.Be3 Rh8 40.Rxh8 Rxh8 41.Qe2 Bf8 42.Qxg4 Bxb4 43.f5 gxf5
44.Rxf5 Qg8 45.Rg5 Qh7 46.Nh5 Qc2+ 47.Bf2 Qe4+ 48.Qxe4 dxe4 49.Nf6+ Kc8 50.Rf5 Rf8
51.Be3 Bxa5 52.Rh5 Bb6 53.d5 cxd5 54.Bxb6 Nf4+ 55.Kg3 Nxh5+ 56.Nxh5 Kd7 57.Ng7 Rg8
58.e6+ Ke7 59.Bc5+ Kf6 60.Bd4+ Kg6 61.e7 Kf7 62.e8=Q+ Rxe8 63.Nxe8 Kxe8 64.Bc5 b6
65.Bb4 Kd7 66.Kg4 d4 67.Kf4 e3 68.Ke4 Ke6  1/2-1/2

[Event "38th Olympiad"]
[Site "Dresden GER"]
[Date "2008.11.23"]
[Round "10"]
[White "Beliavsky,A"]
[Black "Kramnik,V"]
[Result "1/2-1/2"]
[WhiteElo "2619"]
[BlackElo "2772"]

1.d4 d5 2.c4 c6 3.Nf3 Nf6 4.Nc3 e6 5.Bg5 h6 6.Bxf6 Qxf6 7.e3 Nd7 8.Bd3 dxc4
9.Bxc4 g6 10.O-O Bg7 11.Rc1 O-O 12.Bb3 Qe7 13.Na4 Rd8 14.Qc2 Nf8 15.Rfd1 Bd7
16.Qc5 Qxc5 17.Nxc5 Rab8 18.Ne5 Be8 19.f4 Nd7 20.Ncxd7 Bxd7 21.Nxd7 Rxd7
22.Kf2 Rbd8 23.Ke2 Bf8 24.Bc2 Kg7 25.Be4 c5 26.dxc5 Rxd1 27.Rxd1 Rxd1 28.Kxd1 Bxc5
29.Ke2 b6 30.g4  1/2-1/2

[Event "Sparkassen GM"]
[Site "Dortmund GER"]
[Date "2009.07.08"]
[Round "6"]
[White "Kramnik,V"]
[Black "Leko,P"]
[Result "1/2-1/2"]
[WhiteElo "2759"]
[BlackElo "2756"]

1.d4 Nf6 2.c4 e6 3.Nc3 Bb4 4.e3 O-O 5.Bd3 d5 6.Nf3 c5 7.O-O dxc4 8.Bxc4 Nbd7
9.Qe2 b6 10.dxc5 Bxc3 11.c6 Bb4 12.cxd7 Qxd7 13.Rd1 Qb7 14.b3 Qe7 15.Bb2 Ba3
16.Be5 Bb7 17.Nd4 Bc5 18.Nb5 Bc6 19.Nd4 Bb7 20.Ba6 Bd5 21.Nb5 Rad8 22.Nc3 Ba8
23.Rxd8 Rxd8 24.Rd1 Bd6 25.Bxd6 Rxd6  1/2-1/2

[Event "Champions Rapid"]
[Site "Zuerich SUI"]
[Date "2009.08.23"]
[Round "3"]
[White "Hug,W"]
[Black "Kramnik,V"]
[Result "1/2-1/2"]
[WhiteElo "2453"]
[BlackElo "2759"]

1.d4 Nf6 2.Nf3 e6 3.Bg5 h6 4.Bh4 d6 5.c3 g5 6.Bg3 Ne4 7.Nbd2 Nxg3 8.hxg3 Bg7
9.e4 Qe7 10.Bd3 Nc6 11.Qe2 Bd7 12.a4 g4 13.Nh2 h5 14.Nhf1 O-O-O 15.a5 Qg5
16.f4 gxf3 17.Nxf3 Qg6 18.b4 f5 19.b5 Nb8 20.e5 Bf8 21.b6 axb6 22.axb6  1/2-1/2

[Event "Tal Memorial"]
[Site "Moscow RUS"]
[Date "2009.11.14"]
[Round "9"]
[White "Ivanchuk,V"]
[Black "Kramnik,V"]
[Result "1/2-1/2"]
[WhiteElo "2739"]
[BlackElo "2772"]

1.Nf3 d5 2.d4 Nf6 3.c4 e6 4.Nc3 dxc4 5.e4 Bb4 6.Bg5 h6 7.Bxf6 Qxf6 8.e5 Qd8
9.Qa4+ Nc6 10.Bxc4 Bd7 11.Qc2 Na5 12.Bd3 c5 13.dxc5 Rc8 14.a3 Bxc5 15.O-O O-O
16.Rad1 Be7 17.Qe2 Qc7 18.Qe4 g6 19.Qg4 Kg7 20.Ne2 Bc6 21.Nf4 Rg8 22.Nd4 Kh7
23.h4 Qxe5 24.h5 Kh8 25.Nxc6 Nxc6 26.hxg6 f5 27.g7+ Rxg7 28.Ng6+ Kg8 29.Nxe5  1/2-1/2

[Event "World Blitz"]
[Site "Moscow RUS"]
[Date "2009.11.16"]
[Round "2"]
[White "Carlsen,M"]
[Black "Kramnik,V"]
[Result "1-0"]
[WhiteElo "2801"]
[BlackElo "2772"]

1.e4 d5 2.Nc3 Qd6 3.d4 Nf6 4.Nf3 g6 5.Nb5 Qb6 6.c4 c6 7.Nc3 Bg7 8.Be2 O-O
9.O-O Bg4 10.h3 Bxf3 11.Bxf3 Rd8 12.exd5 cxd5 13.cxd5 Na6 14.Qe2 Nb4 15.Rd1 Rac8
16.a3 Qa6 17.Qxa6 Nxa6 18.Nb5 Nc7 19.Nxa7 Ra8 20.d6 Rxd6 21.Bf4 Rxa7 22.Bxd6 exd6  1-0